000 00279nam a2200109Ia 4500
008 200302s9999 xx 000 0 und d
100 _aChen Jinming and Other
245 _a1000 Packaging Structure
260 _bDesign Media Publishing (UK) Ltd.,
260 _c2011
300 _a1006
999 _c7381
_d7381